| 000 | 00407nam a2200145Ia 4500 | ||
|---|---|---|---|
| 008 | 231129s2013||||xx |||||||||||||| ||spa|| | ||
| 020 | _a978-958-8366-52-4 | ||
| 040 | _bspa | ||
| 082 | _a079.861 B928b | ||
| 100 | _aBueno Osorio Carlos | ||
| 245 | 0 | _aBitácora de la infamia : la edad media en Colombia | |
| 260 | _c2013 | ||
| 264 | _aEdiciones UNAULA | ||
| 942 |
_2ddc _cBKS |
||
| 999 |
_c2903 _d2903 |
||